00438pab a2200157 454500008004000000100001800040245008300058260000900141300001400150362000800164650002600172650001800198700001700216700001800233773002900251180718b2006 xxu||||| |||| 00| 0 eng d aBai, Chong-En aThe Multitask theory of state enterprise reform: empirical evidence from China c2006 ap.353-57. aMay aPublic sector - China aPublic sector aTao, Zhigang aLu, Jiangyong aAmerican Economic Review